Statistics for Showbiz Families

Click here to take the quiz!

General Stats

  • This quiz has been taken 4,699 times
    (3,519 since last reset)
  • The average score is 30 of 53

Answer Stats

Family MembersLast Name% Correct
Martin, Charlie, Emilio,
Ramon, Renee
Sheen / Estevez
95%
Will, Jada, Jaden, WIllowSmith
93%
Billy Ray, Miley, Trace, NoahCyrus
92%
Alec, Daniel, Billy, StephenBaldwin
91%
Summer, Joaquin, RiverPhoenix
87%
Tony, Janet, Jamie LeeCurtis / Leigh
84%
Mary-Kate, Ashley, ElizabethOlsen
83%
Bruce, Blythe, GwynethDanner / Paltrow
82%
Goldie, Kate, OliverHawn / Hudson
81%
Luke, Owen, AndrewWilson
79%
Ben, CaseyAffleck
78%
Henry, Jane, Peter, BridgetFonda
75%
Aaron, ToriSpelling
74%
Freddie, Freddie JrPrinze
74%
Lloyd, Jeff, BeauBridges
74%
Jake, MaggieGyllenhaal
72%
Patricia, David, RosannaArquette
70%
Donnie, MarkWahlberg
69%
Emily, ZooeyDeschanel
67%
Bonnie, Macaulay, Kieran,
Dakota, Rory
Culkin
65%
Dennis, RandyQuaid
64%
Warren, ShirleyBeatty / MacLaine
63%
Lucy, DesiBall / Arnaz
63%
Marlon, Shawn, Damon,
Keenan Ivory
Wayans
63%
Ryan, TatumO'Neal
61%
John, Ethel, Lionel, DrewBarrymore
61%
Ann, Jerry. Ben, AmyStiller
56%
Ingrid, Roberto, IsabellaBergman / Rossellini
56%
Kirk, CandaceCameron
56%
John, Joan, AnnCusack
51%
Lynn, Vanessa, Joely,
Natassia
Redgrave / Richardson
49%
Joseph, RalphFiennes
46%
Lenny, Lisa, ZoeKravitz / Bonet
46%
Rob, ChadLowe
45%
Eddie, Carrie, Todd, JoelyFisher
44%
Jason, JustineBateman
43%
Carl, RobReiner
43%
Ron, Clint, BryceHoward
41%
Fred, BenSavage
41%
Paul, MiraSorvino
34%
Jayne, Mickey, MariskaMansfield / Hargitay
34%
Eddie, CharlieMurphy
33%
Edgar, Frances, CandiceBergen
33%
Debbie, PhyliciaAllen / Rashad
33%
David, Robert, Keith,
Bruce, Christopher
Carradine
32%
Melissa, SaraGilbert
32%
John, JenniferAniston
31%
Dick, Jerry, BarryVan Dyke
29%
Tia, Tamera, TajMowry
26%
Joey, Matt, AndrewLawrence
26%
Joel, JenniferGrey
22%
Stacy, JamesKeach
19%
David, AmySedaris
14%

Score Distribution

Percentile by Number Answered

Percent of People with Each Score

Your Score History

You have not taken this quiz since the last reset